Objectice Physics (Record no. 17943)

MARC details
000 -LEADER
fixed length control field 00322nam a2200133Ia 4500
008 - FIXED-LENGTH DATA ELEMENTS--GENERAL INFORMATION
fixed length control field 221030s9999 xx 000 0 und d
041 ## - LANGUAGE CODE
Language code of text/sound track or separate title
100 ## - MAIN ENTRY--AUTHOR NAME
Personal name S. Gupta
245 #0 - TITLE STATEMENT
Title Objectice Physics
Statement of responsibility, etc by S. Gupta
260 ## - PUBLICATION, DISTRIBUTION, ETC. (IMPRINT)
Name of publisher Jai prakash Nath Pub.
Place of publication Meerut
Year of publication 1995
300 ## - PHYSICAL DESCRIPTION
Number of Pages 696
650 ## - SUBJECT ADDED ENTRY--TOPICAL TERM
Topical Term BB Physics
942 ## - ADDED ENTRY ELEMENTS (KOHA)
Koha item type Books
Holdings
Accession Number Cost, normal purchase price Source of acquisition Price effective from Koha item type Withdrawn / writtenoff status Materials specified (bound volume or other part) Damaged status Not for loan Permanent Location Current Location Shelving location Date acquired Lost/ Missing status department
BB 877 100.00 Donated by Dr. Rajinder Sharma ( Asstt. Prof. Phy. Deptt. ) 10/30/2022 Books   Print     MIET Library, Jammu MIET Library, Jammu BL-Academic Block B, FL-2, CUP-101, SH-1, R-1 12/12/2018   BB